| Tag |
First Indicator |
Second Indicator |
Subfields |
| LEADER |
00000cam a2200000 4500 |
| 001 |
in00000044160 |
| 005 |
20151007071010.0 |
| 008 |
740607s1950 enka b 00000 eng u |
| 010 |
|
|
|a a 51010663
|
| 035 |
|
|
|a (OCoLC)00911371
|
| 035 |
|
|
|9 AAE5122AM
|
| 040 |
|
|
|c YNG
|d TXA
|d UtOrBLW
|
| 049 |
|
|
|a TXAM
|c 2 [184747]
|
| 050 |
|
0 |
|a QC411
|b .W
|
| 090 |
|
|
|a QC411
|b .W5 1950
|
| 092 |
|
|
|a 535.84
|b W728a4
|
| 100 |
1 |
|
|a Williams, William Ewart.
|
| 245 |
1 |
0 |
|a Application of interferometry /
|c With a pref. by O. W. Richardson.
|
| 250 |
|
|
|a [4th ed.].
|
| 264 |
|
1 |
|a London :
|b Methuen;
|a New York :
|b Wiley,
|c [1950]
|
| 300 |
|
|
|a viii, 104 pages :
|b diagrams ;
|c 18 cm.
|
| 336 |
|
|
|a text
|b txt
|2 rdacontent
|
| 337 |
|
|
|a unmediated
|b n
|2 rdamedia
|
| 338 |
|
|
|a volume
|b nc
|2 rdacarrier
|
| 490 |
1 |
|
|a Methuen's monographs on physical subjects
|
| 504 |
|
|
|a Includes bibliographies.
|
| 650 |
|
0 |
|a Interferometers.
|
| 830 |
|
0 |
|a Methuen's monographs on physical subjects.
|
| 999 |
|
|
|a MARS
|
| 999 |
f |
f |
|s 7f18ab54-28b6-310b-9f3f-bb7d54818065
|i 72f8d9b2-0bc3-3217-8650-e8dd9756c885
|t 0
|
| 952 |
f |
f |
|p ric
|a Texas A&M University
|b Rellis Campus
|c Joint Library Facility
|d Remote Storage
|t 0
|e QC411 .W5 1950
|h Library of Congress classification
|i unmediated -- volume
|m A14800918616
|
| 998 |
f |
f |
|a QC411 .W5 1950
|t 0
|l Remote Storage
|